000 00586cam a22001814a 4500
005 20250605163447.0
008 250528s ||||||||||||||||||||||||d
035 _a19703
020 _a928943435Χ
040 _aGR-AtMCL
_bgre
_dGR-AtMCL
_eAACR2
245 1 _aΗ ΕΛΛΑΔΑ ΣΤΗΝ ΕΥΡΩΠΑΪΚΗ ΕΝΩΣΗ: ΕΝΑΣ ΑΠΟΛΟΓΙΣΜΟΣ
250 _a1
260 _bΕλληνικο Λογοτεχνικο Και Ιστορικο Αρχειο
_bΕυρωπαϊκη Επιτροπη,
_c2002
300 _a92
942 _cBK
999 _c4959
_d4959